000 00325 a2200145 4500
001 152810
040 _cEscola São Tomás de Aquino
100 _aROCHA, Ruth
240 1 0 _aO macaco bombeiro
_lpor
245 1 0 _aO macaco bombeiro
362 0 _a2006
440 1 _aSalamandra
697 _a*LITERATURA INFANTO
942 _cBK
999 _c152810
_d152810